000 00726nam a22002177a 4500
003 UA-OsUOA
001 72805
007 ta
008 20110128b un ||||| |||| 00| 0 ukr d
100 _aПовідомлення Головного управління статистики у Рівненській області
090 _a908
_bП42
942 _cSA
040 _aUA-OsUOA
_bukr
_cUA-OsUOA
_dUA-OsUOA
245 _aСоціально-економічне становище Рівненської області за 2010 рік
300 _aС.4
955 _a0
041 _aukr
080 _a908
773 0 _w72804
_tВільне слово
_dРівне
_d2011
_g8
650 7 _a908 Краєзнавство
_2UDC
999 _c359087
_d359087